[Event "Aeroflot Open A 2016"]
[Site "Moscow RUS"]
[Date "2016.03.05"]
[Round "5.16"]
[White "Hovhannisyan, Robert"]
[Black "Antipov, Mikhail Al"]
[Result "1-0"]
[WhiteElo "2636"]
[BlackElo "2573"]
[PlyCount "123"]
[EventDate "2016.03.01"]

1. e4 e5 2. Nf3 Nc6 3. Bb5 a6 4. Ba4 b5 5. Bb3 g6 6. Nc3 Bg7 7. a4 Rb8 8. axb5
axb5 9. Qe2 Nf6 10. Nxb5 O-O 11. c4 d6 12. d3 Bg4 13. h3 Rxb5 14. cxb5 Nd4 15.
Qd1 Bxf3 16. gxf3 Nh5 17. Be3 Nf4 18. Bxd4 exd4 19. Rg1 h5 20. Qc2 Qd7 21. Qc6
Nxd3+ 22. Kd2 Qxc6 23. bxc6 Ne5 24. f4 Nf3+ 25. Kc2 Nxg1 26. Rxg1 Ra8 27. Bd5
Kf8 28. Rg3 Rb8 29. Ra3 Bf6 30. Ra7 Bd8 31. b3 f5 32. f3 fxe4 33. fxe4 Ke7 34.
Kd3 h4 35. Kxd4 Kf6 36. Kc4 g5 37. fxg5+ Kxg5 38. b4 Kf4 39. b5 Kg3 40. Be6 Kf4
41. Rb7 Ra8 42. b6 cxb6 43. c7 Bxc7 44. Rxc7 Ra4+ 45. Kd3 Ke5 46. Bd5 Ra3+ 47.
Rc3 Ra1 48. Rb3 Rh1 49. Ke2 Rh2+ 50. Kf1 Kf4 51. Kg1 Rc2 52. Rxb6 Ke3 53. Rb3+
Kf4 54. Rd3 Rc1+ 55. Kf2 Rc2+ 56. Ke1 Rh2 57. Bc6 Ke5 58. Rf3 Kd4 59. Bd5 Rc2
60. Kf1 Rh2 61. Kg1 Rd2 62. Rf4 1-0

[Event "Aeroflot Open A 2016"]
[Site "Moscow RUS"]
[Date "2016.03.05"]
[Round "5.18"]
[White "Demchenko, Anton"]
[Black "Jobava, Baadur"]
[Result "1/2-1/2"]
[WhiteElo "2583"]
[BlackElo "2676"]
[PlyCount "100"]
[EventDate "2016.03.01"]

1. e4 c5 2. Nf3 d6 3. d4 cxd4 4. Nxd4 Nf6 5. Nc3 a6 6. Be2 g6 7. O-O Bg7 8. Re1
O-O 9. Bf1 Nc6 10. Nb3 Nd7 11. Bg5 b5 12. Qc1 Bxc3 13. bxc3 Nb6 14. f4 Be6 15.
Nd4 Nxd4 16. cxd4 Bc4 17. Bd3 Rc8 18. Qd2 Qd7 19. f5 Rfe8 20. f6 exf6 21. Bxf6
Re6 22. Rf1 Qa7 23. Qf2 d5 24. e5 Nd7 25. Bg5 Nf8 26. Bh6 Bxd3 27. cxd3 Rec6
28. Bxf8 Kxf8 29. Rae1 Kg8 30. Re3 Rc1 31. Qf4 Rxf1+ 32. Kxf1 b4 33. h4 Qd7 34.
h5 Rc1+ 35. Kf2 Rc2+ 36. Kf3 Qf5 37. Qxf5 gxf5 38. e6 Kf8 39. Re5 fxe6 40. Rxe6
Rxa2 41. Rb6 a5 42. Rb7 Rd2 43. Kf4 Rxd3 44. Kxf5 Rxd4 45. g4 a4 46. Rxh7 Rd1
47. h6 a3 48. Ra7 b3 49. h7 Rh1 50. Rxa3 Rxh7 1/2-1/2

[Event "Aeroflot Open A 2016"]
[Site "Moscow RUS"]
[Date "2016.03.05"]
[Round "5.19"]
[White "Moiseenko, Alexander"]
[Black "Sandipan, Chanda"]
[Result "1/2-1/2"]
[WhiteElo "2668"]
[BlackElo "2577"]
[PlyCount "77"]
[EventDate "2016.03.01"]

1. d4 d5 2. c4 c6 3. Nf3 Nf6 4. Nc3 e6 5. Qb3 dxc4 6. Qxc4 b5 7. Qd3 Bb7 8. e4
b4 9. Na4 Qa5 10. b3 c5 11. Nxc5 Bxc5 12. dxc5 Bxe4 13. Qb5+ Qxb5 14. Bxb5+ Bc6
15. Be2 Nbd7 16. Bd2 a5 17. Nd4 Bxg2 18. Rg1 Be4 19. f3 Bg6 20. c6 Nb6 21. a3
Nfd5 22. axb4 axb4 23. Kf2 Ke7 24. Ba6 e5 25. Nb5 Bd3 26. Nc7 Bxa6 27. Nxa6 Kd6
28. Rgc1 Rhc8 29. Bxb4+ Nxb4 30. Nxb4 Rxa1 31. Rxa1 Kc5 32. Nd3+ Kd4 33. Rd1 f5
34. Nf4+ Kc5 35. Ne6+ Kxc6 36. Rc1+ Kd5 37. Rxc8 Nxc8 38. Nxg7 Nd6 39. Nh5
1/2-1/2

[Event "Aeroflot Open A 2016"]
[Site "Moscow RUS"]
[Date "2016.03.05"]
[Round "5.20"]
[White "Wagner, Dennis"]
[Black "Safarli, Eltaj"]
[Result "*"]
[WhiteElo "2583"]
[BlackElo "2663"]
[PlyCount "110"]
[EventDate "2016.03.01"]

1. Nf3 c5 2. c4 Nc6 3. d4 cxd4 4. Nxd4 Nf6 5. Nc3 e6 6. g3 Bc5 7. Nb3 Bb4 8.
Bg2 O-O 9. O-O Bxc3 10. bxc3 d5 11. Nd4 Qa5 12. cxd5 exd5 13. Qb3 Ne4 14. Nxc6
bxc6 15. c4 Be6 16. cxd5 cxd5 17. Bf4 Rac8 18. Qe3 Rc3 19. Qd4 Rc4 20. Qd3 Nc5
21. Qd2 Qxd2 22. Bxd2 Ne4 23. Bxe4 dxe4 24. Rfc1 Rxc1+ 25. Bxc1 Rc8 26. Be3 a6
27. a3 Rc2 28. Rd1 h6 29. Kf1 Ra2 30. Bc1 Rc2 31. Be3 Bg4 32. Rd2 Rc1+ 33. Kg2
Re1 34. Rd4 f5 35. Bd2 Rxe2 36. Rd7 Bf3+ 37. Kf1 g5 38. a4 e3 39. fxe3 Rxh2 40.
a5 Be4 41. Bc3 Rg2 42. Be5 Ra2 43. Bc7 Bg2+ 44. Kg1 Bf3 45. Kf1 Be2+ 46. Kg1
Bb5 47. Re7 Bc4 48. Bd8 Bd5 49. Kf1 Bf7 50. Ra7 Rd2 51. Bb6 Bc4+ 52. Kg1 Rd1+
53. Kf2 h5 54. Bd4 g4 55. Rg7+ Kf8 *

[Event "Aeroflot Open A 2016"]
[Site "Moscow RUS"]
[Date "2016.03.05"]
[Round "5.21"]
[White "Khalifman, Alexander"]
[Black "Van Foreest, Jorden"]
[Result "1/2-1/2"]
[WhiteElo "2624"]
[BlackElo "2557"]
[PlyCount "80"]
[EventDate "2016.03.01"]

1. d4 d5 2. c4 c6 3. Nf3 Nf6 4. g3 dxc4 5. Bg2 e6 6. O-O b5 7. a4 Bb7 8. b3
cxb3 9. Qxb3 a6 10. Nc3 Nbd7 11. Ne5 b4 12. a5 Be7 13. Nd3 Ra7 14. Be3 bxc3 15.
d5 c5 16. dxe6 fxe6 17. Bxb7 c4 18. Qxc4 Rxb7 19. Qxa6 Rc7 20. Qxe6 Qa8 21.
Rfc1 Qd5 22. Nf4 Qxe6 23. Nxe6 Rc6 24. Nxg7+ Kf7 25. Nf5 Bb4 26. a6 Ra8 27. a7
Nd5 28. Ra4 Nc5 29. Bxc5 Bxc5 30. e4 Nf6 31. Rc4 Rxa7 32. R1xc3 Nxe4 33. Rxe4
Bxf2+ 34. Kxf2 Ra2+ 35. Re2 Rxe2+ 36. Kxe2 Rxc3 37. Ne3 Ke6 38. Ng4 Ra3 39. Kf1
Ra2 40. Nf2 Ke5 1/2-1/2

[Event "Aeroflot Open A 2016"]
[Site "Moscow RUS"]
[Date "2016.03.05"]
[Round "5.22"]
[White "Lu, Shanglei"]
[Black "Kotronias, Vasilios"]
[Result "1/2-1/2"]
[WhiteElo "2620"]
[BlackElo "2541"]
[PlyCount "74"]
[EventDate "2016.03.01"]

1. e4 d5 2. exd5 Qxd5 3. Nc3 Qd6 4. d4 Nf6 5. Nf3 c6 6. Ne5 Nbd7 7. Nc4 Qc7 8.
Qf3 Nb6 9. Bf4 Qd7 10. O-O-O Qg4 11. Qxg4 Bxg4 12. f3 Be6 13. Na5 O-O-O 14. Be5
g6 15. b4 Bh6+ 16. Kb2 Bg7 17. b5 c5 18. dxc5 Rxd1 19. cxb6 axb6 20. Nxd1 bxa5
21. Ne3 Nh5 22. Bxg7 Nxg7 23. Bc4 Rd8 24. Bxe6+ Nxe6 25. Nc4 Kc7 26. Re1 Rd5
27. a4 b6 28. c3 Rh5 29. Ka3 Rxh2 30. Ne5 Nc5 31. Nxf7 e6 32. Ng5 Rxg2 33.
Nxe6+ Nxe6 34. Rxe6 h5 35. Kb3 h4 36. Re7+ Kc8 37. Rh7 Rf2 1/2-1/2

[Event "Aeroflot Open A 2016"]
[Site "Moscow RUS"]
[Date "2016.03.05"]
[Round "5.23"]
[White "Lalith, Babu M R"]
[Black "Jumabayev, Rinat"]
[Result "1/2-1/2"]
[WhiteElo "2573"]
[BlackElo "2607"]
[PlyCount "88"]
[EventDate "2016.03.01"]

1. Nf3 Nf6 2. c4 g6 3. Nc3 d5 4. cxd5 Nxd5 5. Qb3 Nb6 6. d4 Bg7 7. Bf4 Be6 8.
Qa3 c5 9. Qxc5 Nc6 10. e4 Rc8 11. Qa3 Nxd4 12. Nxd4 Bxd4 13. Bb5+ Nd7 14. Rd1
Bxc3+ 15. bxc3 a6 16. Bxd7+ Bxd7 17. Qb4 b5 18. Qd4 Rg8 19. O-O Be6 20. Qa7 Qa5
21. Rd2 g5 22. Be3 f6 23. Bc5 Qc7 24. Qxc7 Rxc7 25. Bb4 Kf7 26. a3 Ra8 27. Ba5
Rc4 28. Rd4 Rxd4 29. cxd4 Rc8 30. d5 Bd7 31. f3 Rc4 32. Bb4 g4 33. Kf2 Rc2+ 34.
Kg3 gxf3 35. gxf3 h5 36. Re1 Rc8 37. Re2 e5 38. dxe6+ Bxe6 39. Rd2 Ra8 40. Ba5
Rg8+ 41. Kf4 h4 42. Rc2 Bc4 43. Rd2 Be6 44. Rc2 Bc4 1/2-1/2

[Event "Aeroflot Open A 2016"]
[Site "Moscow RUS"]
[Date "2016.03.05"]
[Round "5.24"]
[White "Petrosian, Tigran L"]
[Black "Xu, Yinglun"]
[Result "1/2-1/2"]
[WhiteElo "2607"]
[BlackElo "2518"]
[PlyCount "97"]
[EventDate "2016.03.01"]

1. Nf3 Nf6 2. g3 d5 3. Bg2 c6 4. O-O Bg4 5. h3 Bh5 6. d3 Nbd7 7. Nbd2 e6 8. Qe1
Bd6 9. e4 Qc7 10. b3 Bb4 11. a3 Bc3 12. Rb1 Bxf3 13. Bxf3 h5 14. h4 Ne5 15. Bg2
Neg4 16. Bb2 Bxb2 17. Rxb2 Qe5 18. Qc1 dxe4 19. Nc4 Qc5 20. dxe4 O-O 21. Ra2
Rad8 22. Qe1 Qd4 23. Na5 Rb8 24. c3 Qb6 25. b4 Ne5 26. Qe2 Rfd8 27. Rd1 Rxd1+
28. Qxd1 c5 29. Rd2 cxb4 30. cxb4 Neg4 31. Nc4 Qc7 32. Nd6 Qb6 33. Bf3 Rd8 34.
Nc4 Rxd2 35. Qxd2 Qc7 36. Bxg4 Qxc4 37. Be2 Qc7 38. Qd4 Qc1+ 39. Kg2 Qxa3 40.
Qd8+ Kh7 41. e5 Ng4 42. Qc7 Nh6 43. Qxb7 g6 44. Bc4 Kg8 45. Qe7 Nf5 46. Qd8+
Kg7 47. Qf6+ Kg8 48. Qd8+ Kg7 49. Qf6+ 1/2-1/2

[Event "Aeroflot Open A 2016"]
[Site "Moscow RUS"]
[Date "2016.03.05"]
[Round "5.26"]
[White "Alekseenko, Kirill"]
[Black "Azarov, Sergei"]
[Result "*"]
[WhiteElo "2554"]
[BlackElo "2599"]
[PlyCount "112"]
[EventDate "2016.03.01"]

1. e4 c5 2. Nf3 Nc6 3. d4 cxd4 4. Nxd4 Qb6 5. Nb3 Nf6 6. Nc3 e6 7. Bd3 a6 8.
O-O Qc7 9. f4 d6 10. Be3 b5 11. a4 b4 12. Nb1 e5 13. f5 d5 14. N1d2 Bb7 15. a5
Be7 16. Bb6 Qc8 17. exd5 Nxd5 18. f6 Nxf6 19. Bf5 Qb8 20. Ne4 O-O 21. Nxf6+
Bxf6 22. Nc5 Nd4 23. Nd7 Qd6 24. Bh3 Bg5 25. Nxf8 Rxf8 26. c3 Be3+ 27. Kh1 Qh6
28. cxd4 Qxh3 29. d5 Qh6 30. Bxe3 Qxe3 31. Rc1 Qe4 32. Re1 Qxd5 33. Qxd5 Bxd5
34. Rxe5 Be6 35. Rc6 Rd8 36. Kg1 g6 37. Kf2 Rd1 38. Re2 Kg7 39. Ke3 Rd5 40. Rc4
b3 41. Ra4 Re5+ 42. Kf2 Rc5 43. Rd2 g5 44. Ke3 h5 45. Kd4 Rc1 46. g3 g4 47. Ke5
Kg6 48. Kd6 h4 49. Re2 hxg3 50. hxg3 Rg1 51. Rxe6+ fxe6 52. Rxg4+ Kf5 53. Rf4+
Kg5 54. Rf3 Ra1 55. Kxe6 Rxa5 56. Rxb3 Kg4 *

[Event "Aeroflot Open A 2016"]
[Site "Moscow RUS"]
[Date "2016.03.05"]
[Round "5.27"]
[White "Bocharov, Dmitry"]
[Black "Swayams, Mishra"]
[Result "1-0"]
[WhiteElo "2595"]
[BlackElo "2470"]
[PlyCount "101"]
[EventDate "2016.03.01"]

1. Nf3 Nf6 2. g3 b6 3. Bg2 Bb7 4. O-O c5 5. d3 g6 6. e4 d6 7. Nh4 Nc6 8. f4 Nd7
9. c3 Bg7 10. Na3 O-O 11. Be3 e6 12. Qd2 f5 13. exf5 gxf5 14. d4 d5 15. Nc2 Qe7
16. dxc5 Nxc5 17. Nf3 Ba6 18. Rfd1 Ne4 19. Qe1 Rac8 20. Ncd4 Na5 21. Nd2 Nb7
22. Nxe4 dxe4 23. Bf1 Bxf1 24. Qxf1 Nc5 25. Qc4 Bxd4 26. Rxd4 Nd3 27. Qb3 Rfd8
28. a4 Rxd4 29. Bxd4 Qd7 30. a5 b5 31. a6 Rc4 32. Be3 Nc5 33. Qc2 b4 34. Qe2
Nd3 35. Qh5 Nxb2 36. cxb4 Rxb4 37. Qg5+ Kf7 38. Qh5+ Kg8 39. Qg5+ Kf7 40. Qh6
Kg8 41. Bc5 Rb8 42. Rb1 Rc8 43. Be3 Qd3 44. Qxe6+ Kg7 45. Re1 Qc3 46. Re2 Nd3
47. Qd7+ Kg6 48. Bd4 Qc1+ 49. Kg2 Nxf4+ 50. gxf4 Qxf4 51. Qg7+ 1-0

[Event "Aeroflot Open A 2016"]
[Site "Moscow RUS"]
[Date "2016.03.05"]
[Round "5.28"]
[White "Timofeev, Artyom"]
[Black "Igonin, Temur"]
[Result "1/2-1/2"]
[WhiteElo "2593"]
[BlackElo "2470"]
[PlyCount "106"]
[EventDate "2016.03.01"]

1. e4 e5 2. Nf3 Nf6 3. Nxe5 d6 4. Nf3 Nxe4 5. d4 d5 6. Bd3 Be7 7. c4 Nf6 8. Nc3
O-O 9. O-O Nc6 10. h3 Nb4 11. Be2 dxc4 12. Bxc4 c6 13. Ne5 Nbd5 14. Qb3 Qb6 15.
Bxd5 Nxd5 16. Nxd5 cxd5 17. Qxb6 axb6 18. Bd2 Be6 19. Nd3 Rfc8 20. Rfd1 Ra4 21.
Bc3 b5 22. b3 Raa8 23. Bb4 Bf6 24. Bc5 Rab8 25. Ba7 Ra8 26. Bc5 Rab8 27. Nb4 b6
28. Bd6 Ra8 29. Kf1 Rc3 30. Rab1 Rd8 31. Bf4 Be7 32. a3 Ra8 33. Bd2 Rc7 34.
Rdc1 Rxc1+ 35. Rxc1 Rxa3 36. Nxd5 Bxd5 37. Rc8+ Bf8 38. Rxf8+ Kxf8 39. Bb4+ Ke8
40. Bxa3 Bxb3 41. h4 Kd7 42. Bf8 g6 43. Ke2 Kc6 44. Kd3 Bc4+ 45. Kc3 Kd5 46.
Bh6 Bf1 47. g3 Ke4 48. Be3 Bc4 49. Kb4 f5 50. Kc3 Bd5 51. Kb4 Bc4 52. Kc3 Bd5
53. Kb4 Bc4 1/2-1/2

[Event "Aeroflot Open A 2016"]
[Site "Moscow RUS"]
[Date "2016.03.05"]
[Round "5.29"]
[White "Potkin, Vladimir"]
[Black "Pourramezanali, Amirreza"]
[Result "1-0"]
[WhiteElo "2585"]
[BlackElo "2506"]
[PlyCount "75"]
[EventDate "2016.03.01"]

1. e4 e6 2. d4 d5 3. Nd2 Be7 4. Ngf3 Nf6 5. e5 Nfd7 6. Bd3 c5 7. c3 Nc6 8. O-O
O-O 9. Re1 f6 10. exf6 Nxf6 11. h3 Qb6 12. a3 Bd7 13. b4 cxd4 14. c4 Rae8 15.
Qc2 Kh8 16. Bb2 Bxb4 17. axb4 Nxb4 18. c5 Qc7 19. Qb3 Nxd3 20. Qxd3 e5 21. Qa3
a6 22. c6 bxc6 23. Rxe5 c5 24. Rxe8 Rxe8 25. Rc1 Ne4 26. Bxd4 Nxd2 27. Nxd2 c4
28. Nf3 Qf4 29. Qc3 Re7 30. Re1 Rxe1+ 31. Qxe1 Qd6 32. Qa1 Kg8 33. Bxg7 Bxh3
34. Bc3 Qg6 35. Nh4 Qe4 36. Qd1 Be6 37. Qh5 Kf8 38. Bb4+ 1-0

[Event "Aeroflot Open A 2016"]
[Site "Moscow RUS"]
[Date "2016.03.05"]
[Round "5.30"]
[White "Shyam, Sundar M"]
[Black "Kunin, Vitaly"]
[Result "1/2-1/2"]
[WhiteElo "2523"]
[BlackElo "2584"]
[PlyCount "87"]
[EventDate "2016.03.01"]

1. e4 e6 2. d4 d5 3. Nd2 dxe4 4. Nxe4 Bd7 5. Nf3 Bc6 6. Bd3 Nd7 7. c3 Ngf6 8.
Nxf6+ Nxf6 9. Bf4 Bxf3 10. Qxf3 c6 11. O-O Be7 12. Be5 O-O 13. Qh3 g6 14. Qh6
Re8 15. Rad1 Bf8 16. Qf4 Bg7 17. h4 Nh5 18. Qh2 Nf6 19. Be2 Nd7 20. Bxg7 Kxg7
21. h5 Qb8 22. Qh4 Qd8 23. Qh2 Qb8 24. f4 Qc7 25. g4 c5 26. g5 Nf8 27. Qf2 b6
28. d5 exd5 29. Rxd5 Rad8 30. Rxd8 Rxd8 31. h6+ Kg8 32. Bc4 Ne6 33. Qe3 Qd6 34.
a4 Kf8 35. Qe4 Re8 36. Bb5 Rd8 37. Bc4 Re8 38. Qf3 Rd8 39. Kg2 Qd2+ 40. Rf2 Qd6
41. Qe4 Re8 42. Bb5 Rd8 43. Bc4 Re8 44. Bb5 1/2-1/2

[Event "Aeroflot Open A 2016"]
[Site "Moscow RUS"]
[Date "2016.03.05"]
[Round "5.32"]
[White "Eliseev, Urii"]
[Black "Yuffa, Daniil"]
[Result "1-0"]
[WhiteElo "2601"]
[BlackElo "2502"]
[PlyCount "67"]
[EventDate "2016.03.01"]

1. e4 c6 2. d4 d5 3. e5 Bf5 4. Nf3 e6 5. Be2 Ne7 6. O-O h6 7. Nbd2 Nd7 8. Nb3
g5 9. Ne1 Qc7 10. Bh5 c5 11. c3 c4 12. Nd2 Bg7 13. f4 gxf4 14. Ndf3 Ng6 15.
Bxg6 fxg6 16. Nh4 Be4 17. Qg4 Nf8 18. Rxf4 O-O-O 19. Rxe4 dxe4 20. Nxg6 Nxg6
21. Qxg6 Bxe5 22. Qxe6+ Rd7 23. Qxe5 Qxe5 24. dxe5 Rd1 25. Kf2 Rhd8 26. e6 R8d5
27. Ke2 h5 28. Nc2 Rh1 29. Nd4 Rxh2 30. Bf4 Rxg2+ 31. Ke3 h4 32. Kxe4 Rh5 33.
Rd1 b5 34. e7 1-0

[Event "Aeroflot Open A 2016"]
[Site "Moscow RUS"]
[Date "2016.03.05"]
[Round "5.33"]
[White "Lei, Tingjie"]
[Black "Oparin, Grigoriy"]
[Result "1/2-1/2"]
[WhiteElo "2495"]
[BlackElo "2572"]
[PlyCount "73"]
[EventDate "2016.03.01"]

1. d4 Nf6 2. c4 e6 3. Nf3 b6 4. g3 Bb7 5. Bg2 Be7 6. O-O O-O 7. Nc3 Ne4 8. Bd2
Nxd2 9. Qxd2 d6 10. d5 e5 11. e4 a5 12. Qc2 Nd7 13. a3 Ba6 14. b3 Bg5 15. Rfd1
Bh6 16. Bf1 g6 17. b4 Qe7 18. Bd3 Bc8 19. Kg2 Nf6 20. h3 Nh5 21. Qe2 Bd7 22.
Rab1 Ng7 23. Kh2 f5 24. c5 axb4 25. axb4 Qf7 26. Ra1 Rxa1 27. Rxa1 bxc5 28.
bxc5 fxe4 29. Bxe4 Bf5 30. Kg2 Bxe4 31. Nxe4 Nf5 32. Rd1 Qe7 33. cxd6 cxd6 34.
Qc2 Qf7 35. Qe2 Qe7 36. Qc2 Qf7 37. Qe2 1/2-1/2

[Event "Aeroflot Open A 2016"]
[Site "Moscow RUS"]
[Date "2016.03.05"]
[Round "5.34"]
[White "Kovalev, Vladislav"]
[Black "Shen, Yang"]
[Result "*"]
[WhiteElo "2560"]
[BlackElo "2466"]
[PlyCount "151"]
[EventDate "2016.03.01"]

1. e4 e5 2. Nc3 Nf6 3. g3 Bc5 4. Bg2 Nc6 5. d3 a5 6. h3 d6 7. Nge2 Nd4 8. O-O
O-O 9. Kh2 c6 10. Nxd4 Bxd4 11. Ne2 Bb6 12. f4 exf4 13. Nxf4 Qe7 14. c3 a4 15.
Bd2 Bd7 16. Qf3 Qe5 17. Rae1 Qb5 18. Bc1 Rae8 19. g4 h6 20. Qg3 Bc8 21. Bf3 g5
22. Bg2 Bc7 23. Ne2 Nh7 24. Kh1 Qe5 25. d4 Qe7 26. Qd3 d5 27. Ng3 f6 28. Kg1
Qd6 29. Kf2 dxe4 30. Nxe4 Qd7 31. Nc5 Qf7 32. Rxe8 Rxe8 33. Kg1 Nf8 34. Ne4 f5
35. gxf5 Bxf5 36. Qf3 Rxe4 37. Qxe4 Bxe4 38. Rxf7 Kxf7 39. Bxe4 Nd7 40. Kf2 Ke6
41. c4 Nf6 42. Bc2 b5 43. cxb5 cxb5 44. Bd3 b4 45. Bc4+ Kf5 46. Kf3 Bb6 47. Be3
a3 48. bxa3 bxa3 49. Bc1 Bxd4 50. Bxa3 Ke5 51. Bc1 Kd6 52. Bd2 Kc5 53. Bd3 Kb6
54. a4 Kc6 55. a5 Kc7 56. Be2 Kb7 57. Bc4 Kc7 58. Be6 Kb7 59. Bf5 Ka6 60. Ke2
Kb5 61. Kd3 Bf2 62. Be6 Kc5 63. Bf7 Bg1 64. Be6 Bf2 65. Bc8 Kb5 66. Bb7 Nd7 67.
Bf3 Nc5+ 68. Ke2 Bd4 69. Bd5 Nd7 70. Kd3 Bg1 71. Bc3 h5 72. Ke2 g4 73. h4 Bh2
74. Bf7 Be5 75. Bd2 Nf6 76. Kd3 *

[Event "Aeroflot Open A 2016"]
[Site "Moscow RUS"]
[Date "2016.03.05"]
[Round "5.35"]
[White "Debashis, Das"]
[Black "Socko, Bartosz"]
[Result "0-1"]
[WhiteElo "2471"]
[BlackElo "2587"]
[PlyCount "116"]
[EventDate "2016.03.01"]

1. d4 e6 2. c4 Nf6 3. Nc3 Bb4 4. e3 O-O 5. Nge2 Re8 6. a3 Bf8 7. Ng3 d5 8. cxd5
exd5 9. Bd3 b6 10. O-O Ba6 11. Bxa6 Nxa6 12. Qd3 Qc8 13. Bd2 c5 14. f3 Nc7 15.
Rad1 Qb7 16. Nge2 Rad8 17. Be1 Qc6 18. Bh4 h6 19. Kh1 c4 20. Qd2 b5 21. e4 g5
22. Bg3 dxe4 23. fxe4 Nxe4 24. Nxe4 Rxe4 25. Qc2 Re7 26. Bxc7 Qxc7 27. Ng3 Qc6
28. Nf5 Re4 29. Qd2 Qd5 30. Rf2 Rd7 31. Rdf1 Qe6 32. Qd1 Rd5 33. h3 a5 34. Qh5
Rd7 35. Qd1 a4 36. Qd2 Kh8 37. Qa5 Qd5 38. Qa6 Kh7 39. Qc8 Bg7 40. Qb8 Re6 41.
Qg3 Bxd4 42. Rd2 Rf6 43. Qf3 Qe6 44. Qd1 Rxf5 45. Qb1 Rdd5 46. g4 Kg8 47. gxf5
Qe3 48. Qe1 Rxf5 49. Qxe3 Rxf1+ 50. Kg2 Bxe3 51. Rd8+ Kg7 52. Kxf1 Bc1 53. Rb8
Bxb2 54. Rxb5 Bxa3 55. Ke2 c3 56. Kd3 Bb2 57. Kc2 a3 58. Kb1 Kg6 0-1